000 00452nam a2200169Ia 4500
003 GCL
005 20240530100407.0
008 140319s9999 xx 000 0 eng d
040 _aGCL /
_cGCL
082 0 4 _a784.2184
_bC B
100 1 _aCOOK, NICHOLAS.
245 1 0 _aBEETHOVEN: SYMPHONY NO - 9 /
_cCOOK, NICHOLAS.
260 _a[S.N] :
_bCAMLRIDGE UNIVERSITY PRESS ،
_c1993
300 _a133
650 0 4 _aBEETHOVEN, LUDWING VAN
942 _2ddc
_cBK
999 _c17294
_d17294